000 00915nam a22001937a 4500
999 _c64108
_d64108
003 Ge_BSU
005 20260407114021.0
008 260407s2024 ge ||||| |||| 00| 0 geo d
020 _a9789941345692
041 _ageo
080 _a81'374.26 : 37.01=353.1 ჯ-48
100 _aჯინჯიხაძე, ჯემალ
_94927
245 _aპედაგოგიკურ ტერმინთა განმარტებითი ლექსიკონი /
_cჯემალ ჯინჯიხაძე; რედაქტორი თამაზ კარანაძე.
250 _aმეორე გამოცემა შევსებული და შესწორებლი
264 _aთბილისი :
_bმერიდიანი,
_c2024.
300 _a734 გვ.;
_b21 სმ.
504 _aბიბლიოგრ. გვ. 729-731
942 _2udc
_cᲬᲘᲒᲜᲘ